[Event "CAN-ch U10"]
[Site "Quebec"]
[Date "2008.07.14"]
[Round "2"]
[White "Plotkin, Mark"]
[Black "Berube, Pascal"]
[Result "1-0"]
[WhiteElo "1470"]
[BlackElo "808"]
[PlyCount "49"]
[EventDate "2008.07.14"]
[EventType "swiss"]
[EventRounds "7"]
[EventCountry "CAN"]
[SourceTitle "EXT 2011"]
[Source "ChessBase"]
[SourceDate "2010.11.26"]
[SourceVersion "1"]
[SourceVersionDate "2010.11.26"]
[SourceQuality "1"]

1. e4 c5 2. c3 d6 3. d4 Nd7 4. Nf3 g6 5. Bd3 Ngf6 6. 0-0 Bg7 7. Bf4 0-0 8. Nbd2 e5 9. dxe5 dxe5 10. Be3 Nb6 11. Bxc5 Re8 12. Bb5 Bd7 13. Bxd7 Qxd7 14. Bxb6 axb6 15. Qb3 Ra6 16. Rad1 b5 17. a3 Rd8 18. Nxe5 Qd6 19. Nxf7 Qd7 20. Ne5+ Qe6 21. Qxb5 Rad6 22. Qc4 Qxc4 23. Nexc4 R6d7 24. Rde1 Bh6 25. Nf3 1-0